000 01065nam a2200313Ia 4500
001 Z_5178
003 CHAP
008 220113s2004 xx 000 0 und d
010 _a168238
040 _cCHAP
090 _aTesis C 1826
100 _aChávez Patiño, Daniel Iván
_922753
245 _aSaccharomyces cerevisae como probiótico en la fermentación cecal de la fibra detergente neutro, comportamiento productivo y control de diarreas en el conejo de engorda /
_cpor Daniel Iván Chávez Patiño
260 _aChapingo, Méx. :
_bEl autor,
_c2004
300 _a54 h.
502 _aTesis (Ing. Agr. Esp. en Zootecnia) -- UACH. Departamento de Zootecnia
650 _aAditivos alimenticios
_9907
650 _aConejos
_xAlimentación
_926353
650 _aConejos
_xEnfermedades
_926362
650 _aConejos
_xEngorda
_926363
650 _aLevaduras en alimentación animal
_966404
650 7 _aSaccharomyces cerevisiae
_2
_9101125
901 _aTESIS C 1826
902 _aM
910 _a2004
942 _c2
942 _c2
999 _c168238
_d168238